युध्दपर्व (Record no. 425802)

MARC details
000 -LEADER
fixed length control field 00433nam a2200145Ia 4500
008 - FIXED-LENGTH DATA ELEMENTS--GENERAL INFORMATION
fixed length control field 100122s9999 xx 000 0 und d
082 ## - DEWEY DECIMAL CLASSIFICATION NUMBER
Item number 46753
Classification number 823.08
100 ## - MAIN ENTRY--PERSONAL NAME
Personal name बनहट्टी राजेंद्र
245 ## - TITLE STATEMENT
Title युध्दपर्व
260 ## - PUBLICATION, DISTRIBUTION, ETC. (IMPRINT)
Name of publisher, distributor, etc सन पब्लिकेशन
Date of publication, distribution, etc 1992
300 ## - PHYSICAL DESCRIPTION
Extent 211
630 ## - SUBJECT ADDED ENTRY--UNIFORM TITLE
Uniform title युध्दपर्व
730 ## - ADDED ENTRY--UNIFORM TITLE
Uniform title युध्दपर्व
942 ## - ADDED ENTRY ELEMENTS (KOHA)
Koha item type Book
Holdings
Withdrawn status Lost status Damaged status Not for loan Home library Current library Date acquired Cost, normal purchase price Total Checkouts Full call number Barcode Date last seen Cost, replacement price Price effective from Koha item type Public note
        S.V. Pathak Library, Vile Parle S.V. Pathak Library, Vile Parle 07/02/1992 75.00   46753 SVPPARLE-46753 01/25/2010 75.00 01/25/2010 Book General NA